000 01235nam a2200229Ia 4500
003 Ost
005 20260507075030.0
008 260507s9999||||xx |||||||||||||| ||und||
020 _a×103103977
040 _cfsecg
041 _aara
082 _a330
100 _aعفيفي، كامل
_eمؤلف
245 0 _aالإشراف القضائي على الإنتخابات النيابية :
_bتطوره، تطبيقاته، منازعاته /
_c كامل عفيفي
260 _aالإسكندرية:
_bمنشأة المعارف,
_c2002
300 _a464 صفحة؛
_bإيضاحات ؛
_c24 سم
490 _aالكتب القانونية
520 _aالإشراف القضائي على العملية الإنتخابية في الدستور المصري، الإشراف القضائي في ظل القانون لسنة2000 وخطوات وضعه موضع التنفيذ، الجوانب الإجرائية للإشراف القضائي على العملية الإنتخابية في ضوء التعديلات الجديدة، تقييم التجربة الإنتخابية في ظل الإشراف القضائي الكامل
653 _aالإشراف
653 _aالإنتخابات- مصر
942 _cكتاب
999 _c42392
_d42392